000 00876nam a2200253Ia 4500
003 OSt
005 20220930091037.0
006 a|||||r|||| 00| 0
007 ta
008 220926b |||||||| |||| 00| 0 eng d
024 _a3408
037 _cTheses
040 _aCRL
_cCRL
_beng
041 _2eng
_aeng
100 _aNegi Aprajita
_9544573
110 _aUniversity of Delhi. Faculty of Medical Science. Dr. B. R. Ambedkar Center for Biomedical Research
_9544574
245 0 _aRole of metalloporphyrins in modulating malaria induced haemolytic aneamia in mouse model
260 _c2011
650 _aMEDICINE
700 _a Verma Akhilesh K Gu.
_9544575
700 _aUniversity of Delhi. Faculty of Medical Science. Dr. B. R. Ambedkar Center for Biomedical Research
_9544576
942 _cDIS
_2CC
999 _c881551
_d881551